Statistics for ULTRAKILL Enemies

Click here to take the quiz!

General Stats

  • This quiz has been taken 106 times
    (69 since last reset)
  • The average score is 30 of 37

Answer Stats

ClassImportanceAnswer% Correct
HuskLesserFilth
100%
AngelSupremeGabriel, Apostate of Hate
97%
AngelSupremeGabriel, Judge of Hell
97%
HuskLesserStray
97%
MachineGreaterSwordsmachine
97%
MachineSupremeV2
97%
DemonLesserCerberus
94%
MachineLesserDrone
94%
Prime SoulPrime SoulMinos Prime
94%
Prime SoulPrime SoulSisyphus Prime
94%
DemonLesserMalicious Face
91%
HuskGreaterSchism
91%
HuskGreaterSoldier
91%
AngelLesserVirtue
91%
DemonSupremeLeviathan
88%
HuskSupremeSisyphean Insurrectionist
88%
MachineGreaterMindflayer
84%
MachineGreaterSentry
84%
DemonGreaterHideous Mass
81%
HuskLesserStalker
81%
MachineLesserStreetcleaner
81%
HuskSupremeThe Corpse of King Minos
81%
HuskSupremeFerryman
78%
MachineGreaterGutterman
78%
MachineGreaterGuttertank
78%
DemonLesserMannequin
75%
DemonSupremeM̶i̶n̶o̶t̶a̶u̶r̶
75%
??????
Something Wicked
72%
??????Flesh Prison
72%
??????Flesh Panopticon
66%
MachineSupreme1000-THR "Earthmover"
63%
DemonLesserIdol
63%
??????Cancerous Rodent
56%
??????Very Cancerous Rodent
53%
??????Big Johninator
50%
??????Mysterious Druid Knight (& Owl)
47%
??????Puppet
34%

Score Distribution

Percentile by Number Answered

Percent of People with Each Score

Your Score History

You have not taken this quiz since the last reset